El torneo / (Registro nro. 37954)

Detalles MARC
000 -CABECERA
Longitud fija campo de control 01164nam a22003258a 4500
003 - • IDENTIFICADOR DELl NÚMERO DE CONTROL
Identificador del número de control CO-ViMGA
005 - • FECHA Y HORA DE LA ÚLTIMA TRANSACCIÓN
Fecha y hora de la última transacción 20230915234538.0
008 - • CÓDIGOS DE INFORMACIÓN DE LONGITUD FIJA
Códigos de información de longitud fija 160728s2015 ck g 000 0 eng d
020 ## - • NÚMERO INTERNACIONAL NORMALIZADO PARA LIBROS
Número Internacional Normalizado para Libros (ISBN) 9789583050008
040 ## - FUENTE DE LA CATALOGACIÓN
Centro catalogador de origen CO-ViMGA
Lengua de catalogación spa
Centro transcriptor CO-ViMGA
041 1# - • CÓDIGO DE LENGUA
Código de lengua original fre
082 04 - • NÚMERO DE LA CLASIFICACIÓN DECIMAL DEWEY
Número de clasificación (R) 843.91
Número del ítem C41t5
100 1# - • PUNTO DE ACCESO PRINCIPAL-NOMBRE DE PERSONA
Nombre de persona Charlat, Benoit.
245 13 - • TITULO PROPIAMENTE DICHO
Título El torneo /
Mención de responsabilidad, etc. Benoît Charlat ; ilustradora Thanh Portal ; traductor Jorge Eduardo Salgar Restrepo.
250 ## - • MENCIÓN DE EDICIÓN
Mención de edición Editor Alejandro Villate Uribe.
300 ## - • DESCRIPCIÓN FÍSICA
Extensión 51 páginas :
Otras características físicas ilustraciones ;
Dimensiones 19 cm.
490 1# - • MENCIÓN DE SERIE
Mención de serie Álbumes Panamericana
490 1# - • MENCIÓN DE SERIE
Mención de serie Serie estoy leyendo
534 ## - • Nota De Versión Original
-- Título original :
Título La compète.
650 14 - • PUNTO DE ACCESO ADICIONAL DE MATERIA - TÉRMINO DE MATERIA
Término de materia o nombre geográfico como elemento inicial Amistad
Subdivisión de forma Cuentos juveniles.
650 14 - • PUNTO DE ACCESO ADICIONAL DE MATERIA - TÉRMINO DE MATERIA
Término de materia o nombre geográfico como elemento inicial Amor
Subdivisión de forma Cuentos juveniles.
650 14 - • PUNTO DE ACCESO ADICIONAL DE MATERIA - TÉRMINO DE MATERIA
Término de materia o nombre geográfico como elemento inicial Competencia deportiva
Subdivisión de forma Cuentos juveniles.
650 14 - • PUNTO DE ACCESO ADICIONAL DE MATERIA - TÉRMINO DE MATERIA
Término de materia o nombre geográfico como elemento inicial Cuentos juveniles franceses.
700 1# - • PUNTO DE ACCESO ADICIONAL - NOMBRE DE PERSONA
Nombre de persona Portal, Thanh,
Término indicativo de función ilustradora.
700 1# - • PUNTO DE ACCESO ADICIONAL - NOMBRE DE PERSONA
Nombre de persona Salgar Restrepo, Jorge Eduardo,
Término indicativo de función traductor.
700 1# - • PUNTO DE ACCESO ADICIONAL - NOMBRE DE PERSONA
Nombre de persona Villate Uribe, Alejandro,
Término indicativo de función editor.
942 ## - ENTRADA DE ELEMENTOS AGREGADOS (KOHA)
Fuente de clasificaión o esquema Dewey Decimal Classification
Koha [por defecto] tipo de item LIbro
Existencias
Perdido Fuente de clasificación o esquema Estado Físico No para préstamo Forma de adquisición Localización permanente Localización actual Fecha adquisición Préstamos totales Signatura completa Código de barras Fecha última consulta Fecha último préstamo Fecha del precio de reemplazo Tipo de item de Koha
  Dewey Decimal Classification     Sala General Segundo Piso Biblioteca Pública Germán Arciniegas - Villavicencio Biblioteca Pública Germán Arciniegas - Villavicencio 05/23/2017 1 843.91 C41t5 032151 06/04/2019 05/30/2019 05/23/2017 LIbro









Instituto Departamental de Cultura del Meta - Red Departamental de Bibliotecas Públicas del Meta.